banner-ar

الحسن بن على: سيد شباب اهل الجنة, الحسين بن على: ريحانة النبى (ص) / (Record no. 51146)

MARC details
000 -الفاتح
حقل البيانات ثابتة الطول 00780nam a2200193Ia 4500
008 - عناصر البيانات ثابتة الطول - معلومات عامة
حقل البيانات ثابتة الطول 140319s9999 xx 000 0 ara d
040 ## - مصدر الفهرسة
وكالة الفهرسة الأصلية GCL /
وكالة النسخ GCL
082 04 - رقم تصنيف ديوى العشرى
رقم التصنيف ط
رقم المادة 239.9
-- د أ
100 1# - المدخل الرئيسى - إسم شخصى
الإسم الشخصى درويش الزفتاوى
245 10 - بيان العنوان
العنوان الحسن بن على: سيد شباب اهل الجنة, الحسين بن على: ريحانة النبى (ص) /
بيان المسئوليه,etc درويش الزفتاوى
300 ## - الوصف المادى
التعداد 34 ص
490 ## - بيان السلسلة
عنوان السلسلة رجال احبهم الرسول صلى اللة عليه و سلم
رقم المجلد/ التعيين التسلسلي 0
650 04 - المدخل الاضافى بالموضوع-مصطلح موضوعى
مصطلح موضوعي الاطفال
650 04 - المدخل الاضافى بالموضوع-مصطلح موضوعى
مصطلح موضوعي الحسن بن على: ابومحمد الحسن بن على بن ابى طالب بن هاشم بن عبد مناف
650 04 - المدخل الاضافى بالموضوع-مصطلح موضوعى
مصطلح موضوعي الحسين بن على
650 04 - المدخل الاضافى بالموضوع-مصطلح موضوعى
مصطلح موضوعي الصحابة والتابعون
942 ## - عناصر المدخل الإضافي( كوها)
مصدر التصنيف او مخطط الترفيف Dewey Decimal Classification
Koha [default] item type كتاب
Holdings
حالة التراجع حالة الفقد حالة تلف ليس للاعارة المكان المؤقت الموقع الحالى تاريخ الاكتساب اجمالي اﻻعارات رقم الطلب الباركود تاريخ اخر مشاهدة تاريخ تفعيل السعر نوع وعاء كوها
        مكتبة القاهرة الكبرى مكتبة القاهرة الكبرى 03/26/2014   ط\239.9\د أ 122621 03/26/2014 03/26/2014 كتاب
        مكتبة القاهرة الكبرى مكتبة القاهرة الكبرى 03/26/2014   ط\239.9\د أ 122622 03/26/2014 03/26/2014 كتاب
        مكتبة القاهرة الكبرى مكتبة القاهرة الكبرى 03/26/2014   ط\239.9\د أ 122623 03/26/2014 03/26/2014 كتاب

Powered By

EGPV